000 01089nam a2200301Ia 4500
001 98196
003 IT-RoPAU
008 130308s9999 xx 000 0 und d
040 _aIT-RoPAU
040 _cIT-RoPAU
041 _aSPAGNOLO
100 _aBerelson Bernard R.
100 _gCodice Aut. SPICS: 9315
245 _aComunicacion colectiva y la opinion publica (La)
245 _bProceso Y Efectos de la comunicacion colectiva (2)
250 _a1a ed.
260 _aQUITO
260 _bCiespal
260 _c1964 [1° Ed.:1964 - Ed.Ling.Originale:1954]
300 _a"13 p. (prefazione: no ; testo: 13 [pagine: 291-303])"
500 _aComunicazione collettiva e Opinione Pubblica. Effetto dell'opinione Pubblica nella Comunicazione Collettiva. Effetto della Comunicazione collettiva nell'opinione Pubblica. forme di Comunicazione. Varietà di Argomenti. Classi di Persone. Classi di Condizioni e di Effetti.
650 _aTEORIA DELLA COMUNICAZIONE SOCIALE
650 _eCodice materia Spics: 3802
942 _cBK
957 _71
999 _c43463
_d43463
999 _bSI
999 _g1